• 首页
  • 本馆介绍
  • 公告通知
  • 最新文献
  • 馆藏检索
  • 电子资源
  • 读者导购
  • 参考咨询
  • 我的图书馆
  • 登录
  • 详细信息显示
  • 放入我的书架
  • 预约/预借图书
  • 作者相关作品
  • 分类相关作品
  • 丛书相关作品
  • 出版社相关作品

书目信息

  • 表格格式
  • 工作单格式
  • 卡片格式
题名:
农村合作金融组织法律问题研究
    
 
作者: 李洁 著
分册:  
出版信息: 北京   法律出版社  2013
页数: 11,267页
开本: 21cm
丛书名:
单 册:
中图分类: D922.280.4
科图分类:
主题词: 农村金融--合作金融组织--法律--研究--中国 , 农村金融 , 合作金融组织 , 法律
电子资源:
ISBN: 978-7-5118-5558-9
000 01015nam0 2200277 450
001 523
005 20140908081257.01
010    @a978-7-5118-5558-9@dCNY29.00
100    @a20140226d2013 emky0chiy50 ea
101 0  @achi
102    @aCN@b110000
105    @ay z 000yy
106    @ar
200 1  @a农村合作金融组织法律问题研究@ANong Cun He Zuo Jin Rong Zu Zhi Fa Lu^ Wen Ti Yan Jiu@f李洁著@FLi Jie Zhu
210    @a北京@c法律出版社@d2013
215    @a11,267页@d21cm
300    @a贵州省社会科学院著作出版资助
330    @a本书介绍了合作金融与农村合作金融组织的一般理论、国外农村合作金融组织制度考察、我国农村合作金融组织的历史演进及存在的问题、我国农村合作金融组织制度改革的理念与路径、我国农村合作金融组织的设立与准入制度等内容。
606 0  @a农村金融@x合作金融组织@x法律@x研究@y中国
606 0  @a农村金融
606 0  @a合作金融组织
606 0  @a法律
690    @aD922.280.4@v5
701  0 @a李洁@ALi Jie@c(经济法)@4著
801  0 @aCN@bTANGWEI@c20140603
905    @b0841352-54@dD922.280.4@e1092@f3
    
    农村合作金融组织法律问题研究/李洁著.-北京:法律出版社,2013
    11,267页;21cm
    贵州省社会科学院著作出版资助
    
    ISBN 978-7-5118-5558-9:CNY29.00
    本书介绍了合作金融与农村合作金融组织的一般理论、国外农村合作金融组织制度考察、我国农村合作金融组织的历史演进及存在的问题、我国农村合作金融组织制度改革的理念与路径、我国农村合作金融组织的设立与准入制度等内容。
●
相关链接 在E读中查询图书 在五车中查询图书 在当当中查询图书 在豆瓣中查询图书


正题名:农村合作金融组织法律问题研究     索取号:D922.280.4/1092         预约/预借

序号 登录号 条形码 馆藏地/架位号 状态 备注
1 0841352   208413527   第一样本阅览室/ [索取号:D922.280.4/1092] 在馆    
2 0841353   208413536   密集书库-史法系/ [索取号:D922.280.4/1092] 在馆    
3 0841354   208413545   第一借阅区/ [索取号:D922.280.4/1092] 在馆    
唐山师范学院图书馆 欢迎您!
大连网信软件有限公司© 版权所有